00354nam a2200133Ia 450000500170000000800410001702000180005808200130007610000220008924500290011126000460014030000120018665000220019820250626033726.0240331s9999 xx 000 0 und d a9789555026109 bEDIa362 aEdirisinghe,E.A.A 0aGruhasta prachandathwaya aNivitigalabE.A. Anusha Edirisinghec2007 a96 p ., aDomestic Violence